000 00536nam a2200193 i 4500
001 136598
003 ES-MaACL
005 20250822051113.0
007 t|
008 070214s1961 pr r ||||1| spa d
080 _a372.41
100 1 _aSáez, Antonia.
_9101345
245 1 3 _aLa lectura, arte del lenguaje /
_cAntonia Sáez.
260 _aPuerto Rico :
_bUniversidad Palencia,
_c1961.
300 _a413 p. ;
_c24 cm.
650 4 _aLectura-
_xEstudio y enseñanza
_914062
852 4 _aES-MaACL
_jB-2188
999 _c136598
_d136598